Ocean currents : (Record no. 14792)

MARC details
000 -LEADER
fixed length control field 00728cam a2200229 i 4500
001 - CONTROL NUMBER
control field TB12310
003 - CONTROL NUMBER IDENTIFIER
control field IN-BhIIT
005 - DATE AND TIME OF LATEST TRANSACTION
control field 20251215103909.0
008 - FIXED-LENGTH DATA ELEMENTS--GENERAL INFORMATION
fixed length control field 220517s2021 ne a b 001 0 eng d
020 ## - INTERNATIONAL STANDARD BOOK NUMBER
ISBN 9780128160596 (pbk.)
040 ## - CATALOGING SOURCE
Original cataloging agency IN-BhIIT
041 ## - LANGUAGE CODE
Language code of text eng
082 04 - DEWEY DECIMAL CLASSIFICATION NUMBER
Classification number 551.462
Book number MAR/O
100 1# - MAIN ENTRY--AUTHOR NAME
Personal name Marsh, Robert,
Relator term Author.
245 10 - TITLE STATEMENT
Title Ocean currents :
Sub Title physical drivers in a changing world /
Statement of responsibility, etc by Robert Marsh and Erik van Sebille.
260 ## - PUBLICATION, DISTRIBUTION, ETC. (IMPRINT)
Place of publication Netherlands :
Name of publisher Candice Janco,
Year of publication 2021.
300 ## - PHYSICAL DESCRIPTION
Number of Pages xiv, 538 p. :
Other physical details(ill.) ill. ;
Dimensions(size) 24 cm
504 ## - BIBLIOGRAPHY, ETC. NOTE
Bibliography, etc Includes bibliographical references and index.
650 #0 - SUBJECT ADDED ENTRY--TOPICAL TERM
Topical Term Ocean currents.
700 1# - ADDED ENTRY--PERSONAL NAME
Personal name Sebille, Erik van,
Relator term Joint author.
942 ## - ADDED ENTRY ELEMENTS (KOHA)
Koha item type Text Book
Koha issues (borrowed), all copies 1
Holdings
Withdrawn status Lost status Damaged status Not for loan Collection code Home library Current library Date acquired Source of acquisition Cost, normal purchase price Accession Number Cost, replacement price Price effective from Koha item type Full call number
Not withdrawn Not Lost not damaged   SEOCS Central Library, IIT Bhubaneswar Central Library, IIT Bhubaneswar 14/02/2025 51 9478.32 TB12312 12984.00 14/02/2025 Text Book  
Not withdrawn Not Lost not damaged   SEOCS Central Library, IIT Bhubaneswar Central Library, IIT Bhubaneswar 14/02/2025 51 9478.32 TB12314 12984.00 14/02/2025 Text Book  
Not withdrawn Not Lost not damaged   SEOCS Central Library, IIT Bhubaneswar Central Library, IIT Bhubaneswar 14/02/2025 51 9478.32 TB12310 12984.00 14/02/2025 Course Reserve 551.462 MAR/O
Not withdrawn Not Lost not damaged   SEOCS Central Library, IIT Bhubaneswar Central Library, IIT Bhubaneswar 14/02/2025 51 9478.32 TB12315 12984.00 14/02/2025 Text Book  
Not withdrawn Not Lost not damaged   SEOCS Central Library, IIT Bhubaneswar Central Library, IIT Bhubaneswar 14/02/2025 51 9478.32 TB12311 12984.00 14/02/2025 Text Book  
Not withdrawn Not Lost not damaged   SEOCS Central Library, IIT Bhubaneswar Central Library, IIT Bhubaneswar 14/02/2025 51 9478.32 TB12313 12984.00 14/02/2025 Text Book  

Central Library, Indian Institute of Technology Bhubaneswar, 4th Floor, Administrative Building, Argul, Khordha, PIN-752050, Odisha, India
Phone: +91-674-7138750 | Email: circulation.library@iitbbs.ac.in (For circulation related queries),
Email: info.library@iitbbs.ac.in (For other queries)